00421nam a2200193Ia 4500003000900000008004100009040001300050040001300063041000800076100001900084100000800103245005200111250001100163260001700174260000900191300001100200300001000211490000600221IT-RoPAU120407s9999 xx 000 0 und d aIT-RoPAU cIT-RoPAU aesp aGiovanni Eudes csan aLa infancia admirabile de la SS. Madre de Dios. aBilbao aED. Vizcaina c1935 a370 p. c16 cm v1